Central Library OPAC University of Rajshahi

Melloney Holtspur / (Record no. 22804)

MARC details
000 -LEADER
fixed length control field 00603nam a2200217 a 4500
001 - CONTROL NUMBER
control field 22804
003 - CONTROL NUMBER IDENTIFIER
rucl marc code BD-RjUL
005 - DATE AND TIME OF LATEST TRANSACTION
control field 20211209000845.0
008 - FIXED-LENGTH DATA ELEMENTS--GENERAL INFORMATION
fixed length control field 140309s1922 enk 000 0 eng d
035 ## - SYSTEM CONTROL NUMBER
System control number (BD-RjUL)
System control number (BD-RjUL)22869
040 ## - CATALOGING SOURCE
Original cataloging agency NUN
Language of cataloging eng
Transcribing agency NUN
Modifying agency VDU
-- BD-RjUL
041 ## - LANGUAGE CODE
Language code of text/sound track or separate title eng
082 14 - DEWEY DECIMAL CLASSIFICATION NUMBER
Classification number 822.912
Edition number 19
Author mark and year MAM
100 1# - MAIN ENTRY--PERSONAL NAME
Personal name Masefield, John,
Dates associated with a name 1878-1967.
9 (RLIN) 53320
245 10 - TITLE STATEMENT
Title Melloney Holtspur /
Statement of responsibility, etc. John Masefield
260 ## - PUBLICATION, DISTRIBUTION, ETC. (IMPRINT)
Place of publication, distribution, etc. Lond. :
Name of publisher, distributor, etc. William Heinemann,
Date of publication, distribution, etc. 1922.
300 ## - PHYSICAL DESCRIPTION
Pagination [vii], 126 p. ;
Size 19 cm.
650 ## - SUBJECT ADDED ENTRY--TOPICAL TERM
Topical term or geographic name as entry element English drama -- 20th century.
9 (RLIN) 62525
942 ## - ADDED ENTRY ELEMENTS (KOHA)
Source of classification or shelving scheme Dewey Decimal Classification
Koha item type Books
Holdings
Lost status Source of classification or shelving scheme Damaged status Not for loan Collection code Permanent Location Current Location Shelving location Date acquired Source of acquisition Cost, normal purchase price Total Checkouts Full call number Date last seen Copy number Koha item type
  Dewey Decimal Classification   Added to bundle Fiction Central Library, University of Rajshahi Central Library, University of Rajshahi Reading Room 19/03/1964 Zeitlinger 6.00   822.912 MAM 1922 09/03/2014 C-1 Books